000 00790 a2200193 4500
008 080820t xxu||||| |||| 00| 0 eng d
010 _aENG-84867
020 _a8180430405
_c500.00
035 _aEN-68400
082 _a880.8
100 _aPatil, Geeta M.
245 _aShashi Tharoor
_bhis vision and art
_cby Geeta M. Patil,
260 _aNew Delhi
_bCreative Books
_c2007
270 _aCB-24, Naraina,
_bDelhi
_cDelhi
_e110028
_l25775818
_mcreativebooks2004@yahoo.com
300 _axiv, 232 p. ;
_c22 cm. (Hb)
500 _aIncludes bibliographical references and index
942 _adpl
_cEN
_k880.8 / PAT
_2ddc
_h880.8
_mPAT
999 _c614
_d614